000 00710nam a2200205 i 4500
001 90434
003 ES-MaACL
005 20230906180436.0
007 t|
008 050120s1980 sp ||||1| spa d
110 0 0 _aEspaña.
_tLeyes, etc.
_9184149
245 1 0 _aLegislación política española /
_c[edición preparada por Manuel Aragón Reyes, Ricardo Blanco Canals y Francisco Rubio Llorente].
260 _a[Madrid] :
_bCentro de Estudios Constitucionales,
_c1980.
300 _a2 v. ;
_c16 cm.
700 1 _aAragón Reyes, Manuel.
_922191
700 1 _aBlanco Canals, Ricardo.
_929230
700 1 _aRubio Llorente, Francisco.
_9100424
852 _aES-MaACL
_jL-3008-9
_bR.103455
999 _c90434
_d90434